000
00270nam a22001097a 4500
008
230726b |||||||| |||| 00| 0 eng d
082
_a
616.86
100
_a
Rakesh Lal
245
_a
Substance use disorders:
_b
Manual for physicians
300
_a
233 p.
_c
23 cm
942
_2
ddc
999
_c
9621
_d
9622